The Grant Writer's Handbook: How to Write a Research Proposal and Succeed /
Na minha lista:
| Autor principal: | |
|---|---|
| Formato: | Livro |
| Idioma: | inglês |
| Publicado em: |
London:
Imperial College Press,
2016
|
| Edição: | 1st Edition |
| Assuntos: | |
| Tags: |
Sem tags, seja o primeiro a adicionar uma tag!
|
MARC
| LEADER | 00000nam a22000003a 4500 | ||
|---|---|---|---|
| 001 | 0101492 | ||
| 003 | SK-STU | ||
| 005 | 20231212093545.2 | ||
| 007 | ta | ||
| 008 | 230424s ----xo-----e------000-0-----d | ||
| 020 | |a 9781783267606 | ||
| 040 | |a STU |b slo | ||
| 041 | 0 | |a eng |h eng | |
| 044 | |a xxk | ||
| 100 | 1 | |a Crawley, Gerard M. |4 aut |r Z6 | |
| 245 | 1 | 0 | |a The Grant Writer's Handbook: |b How to Write a Research Proposal and Succeed / |c aut. Gerard M Crawley |
| 250 | |a 1st Edition | ||
| 260 | |a London: |b Imperial College Press, |c 2016 | ||
| 300 | |a 252 s. | ||
| 500 | |a E-book | ||
| 650 | 0 | 7 | |a písomný prejav |
| 650 | 0 | 7 | |a písomný styk |
| 650 | 0 | 7 | |a Scientific Writing Guides Collection |
| 650 | 0 | 7 | |a e-kniha |
| 996 | |c V* 7/EK |l VVT |s A |a 24 |w 0101492_0001 | ||